000 00625nam a22002177a 4500
999 _c16107
_d16107
003 AR-CdUCM
008 190502b ||||| |||| 00| 0 spa d
040 _aMUNICIPALIDAD PROVINCIAL DEL CUSCO
_cBIBLIOTECA MUNICIPAL DEL CUSCO
082 _a869.56 /
_bR47
100 _aReyna, Ernesto
_926014
245 _aLos tesoros de Huarmey /
260 _aLima :
_b Perú Actual,
_c1936.
300 _a109 páginas ;
_c18 cm.
505 _aNovela
650 _aNovelas peruanas
_9545
650 _aNovelas de costumbres
_9168
650 _aSiglo XX.
_98
650 _aPerú
_935
942 _2ddc
_cLIBROS
945 _aacv
_d2019-05-02